[Event "1. f3 fiasco"]
[Site "SchemingMind.com"]
[Date "2006.03.16"]
[Round "-"]
[White "MatdeInverses"]
[Black "judgmentality"]
[Result "1-0"]
[WhiteCountry "USA"]
[BlackCountry "USA"]
[WhiteElo "1882"]
[WhiteRD "79"]
[BlackElo "1479"]
[BlackRD "85"]
[GameID "42938"]

1. f3 f5 2. d4 Nf6 3. e4 e5 4. dxe5 Nxe4 5. fxe4 Qh4+ 6. Kd2 Qf4+ 7. Kc3 Qxe5+ 8. Qd4 Bb4+ 9. Kc4 b5+ 10. Kd3 Qxd4+
11. Kxd4 c5+ 12. Ke3 fxe4 13. Bxb5 O-O 14. Bd2 Bxd2+ 15. Nxd2 d5 16. Rf1 Rxf1 17. Nxf1 Bf5 18. Ng3
1-0

[Event "1. f3 fiasco"]
[Site "SchemingMind.com"]
[Date "2006.03.16"]
[Round "-"]
[White "judgmentality"]
[Black "MatdeInverses"]
[Result "0-1"]
[WhiteCountry "USA"]
[BlackCountry "USA"]
[WhiteElo "1479"]
[WhiteRD "85"]
[BlackElo "1882"]
[BlackRD "79"]
[GameID "42939"]

1. f3 c5 2. c3 Nf6 3. e4 Nc6 4. d4 d5 5. e5 Nd7 6. e6 fxe6 7. f4 g6 8. Nf3 cxd4 9. cxd4 Bg7 10. Ne5 Qb6
0-1

[Event "1. f3 fiasco"]
[Site "SchemingMind.com"]
[Date "2006.03.22"]
[Round "-"]
[White "AlbertoAveiro"]
[Black "judgmentality"]
[Result "1-0"]
[WhiteCountry "POR"]
[BlackCountry "USA"]
[WhiteElo "1632"]
[WhiteRD "105"]
[BlackElo "1251"]
[BlackRD "80"]
[GameID "43633"]

1. f3 f5 2. e4 e5 3. Qe2 Nf6 4. d3 Bc5 5. Be3 Bxe3 6. Qxe3 f4 7. Qd2 d5 8. Na3 Nc6 9. O-O-O O-O 10. Ne2 d4
11. Kb1 Be6 12. g3 fxg3 13. hxg3 Qe7 14. f4 a6 15. c3 b5 16. f5 Bf7 17. Bh3 b4 18. cxb4 Nxb4 19. Nc4 Bxc4 20. dxc4 c5
21. Nc1 Nxe4 22. Qe1 d3 23. Nxd3 Nxd3 24. Rxd3 Ng5 25. Bg2 Rad8 26. Bd5+ Kh8 27. g4 e4 28. Re3 Rf6 29. Qc3 Nf3 30. Rxe4
1-0

[Event "1. f3 fiasco"]
[Site "SchemingMind.com"]
[Date "2006.03.22"]
[Round "-"]
[White "AlbertoAveiro"]
[Black "MatdeInverses"]
[Result "0-1"]
[WhiteCountry "POR"]
[BlackCountry "USA"]
[WhiteElo "1532"]
[WhiteRD "171"]
[BlackElo "1898"]
[BlackRD "52"]
[GameID "43634"]

1. f3 d5 2. d4 c5 3. dxc5 e5 4. e3 Bxc5 5. Bb5+ Nc6 6. Ne2 Nf6 7. O-O O-O 8. c3 Qb6 9. Qd3 e4 10. fxe4 Ne5
11. Rxf6 gxf6 12. Qxd5 Qxb5 13. Ng3 Be6 14. Qd2 Rad8 15. Qe2 Qxe2 16. Nxe2 Rd1+ 17. Kf2 Nd3+ 18. Kf3 Nxc1 19. Na3 Bxa3 20. bxa3 Rf1+
0-1

[Event "1. f3 fiasco"]
[Site "SchemingMind.com"]
[Date "2006.03.22"]
[Round "-"]
[White "judgmentality"]
[Black "AlbertoAveiro"]
[Result "0-1"]
[WhiteCountry "USA"]
[BlackCountry "POR"]
[WhiteElo "1264"]
[WhiteRD "60"]
[BlackElo "1663"]
[BlackRD "114"]
[GameID "43635"]

1. f3 e5 2. Nc3 Nf6 3. e4 d5 4. exd5 Nxd5 5. Nge2 Bd6 6. Nxd5 Be6 7. Ndc3 O-O 8. Ne4 Nc6 9. Nxd6 cxd6 10. d4 exd4
11. Nxd4 Re8 12. Bd3 Nxd4 13. Bxh7+ Kxh7 14. Qxd4 Rh8 15. Bf4 d5 16. O-O-O Kg8 17. h4 Rxh4 18. g3 Rxh1 19. Rxh1 f6 20. Qd3 Kf7
21. Re1 Qa5 22. Qd2 Qxa2 23. Qe3 Qa6 24. Qe2 Qc6 25. Qh2 Rg8 26. Bd2 Bf5 27. g4 Qxc2#
0-1

[Event "1. f3 fiasco"]
[Site "SchemingMind.com"]
[Date "2006.03.22"]
[Round "-"]
[White "MatdeInverses"]
[Black "AlbertoAveiro"]
[Result "1-0"]
[WhiteCountry "USA"]
[BlackCountry "POR"]
[WhiteElo "1898"]
[WhiteRD "52"]
[BlackElo "1532"]
[BlackRD "171"]
[GameID "43636"]

1. f3 e5 2. e4 Nf6 3. f4 exf4 4. e5 Qe7 5. Qe2 Nd5 6. Nc3 Nb6 7. d4 g6 8. Bxf4 c6 9. Nf3 Bg7 10. O-O-O O-O
11. h4 Nd5 12. Nxd5 cxd5 13. h5 Nc6 14. Bg5 Qe6 15. hxg6 fxg6 16. Bh6 Qe7 17. Qe3 a6 18. Bxg7 Qxg7 19. Bd3 Ne7 20. e6 dxe6
21. Ng5 Nf5 22. Bxf5 exf5 23. Rxh7 Qf6 24. Rdh1 Bd7 25. Rh8+ Qxh8 26. Rxh8+ Kxh8 27. Qe7
1-0

[Event "1. f3 fiasco"]
[Site "SchemingMind.com"]
[Date "2006.04.03"]
[Round "-"]
[White "markjburden"]
[Black "judgmentality"]
[Result "1-0"]
[WhiteCountry "GBR"]
[BlackCountry "USA"]
[WhiteElo "1656"]
[WhiteRD "70"]
[BlackElo "1264"]
[BlackRD "60"]
[GameID "45196"]

1. f3 f5 2. Kf2 e5 3. e3 d5 4. c3 Nf6 5. h3 Nh5 6. Ne2 Bd6 7. Na3 f4 8. d3 Qh4+ 9. Kg1 O-O 10. e4 Be6
11. exd5 Bxd5 12. c4 Bc6 13. b4 Bxb4 14. Qb3 Bc5+ 15. d4 exd4 16. Qd3 Nd7 17. Bb2 Rae8 18. Nb5 Re3 19. Qc2 d3 20. Qc3 Rxe2+
21. Nd4 Qf2+ 22. Kh2 Ne5 23. Bxe2 Qg3+ 24. Kg1 Nxf3+ 25. Bxf3 Bxf3 26. Rh2
1-0

[Event "1. f3 fiasco"]
[Site "SchemingMind.com"]
[Date "2006.04.04"]
[Round "-"]
[White "markjburden"]
[Black "AlbertoAveiro"]
[Result "0-1"]
[WhiteCountry "GBR"]
[BlackCountry "POR"]
[WhiteElo "1656"]
[WhiteRD "70"]
[BlackElo "1663"]
[BlackRD "114"]
[GameID "45197"]

1. f3 e5 2. Kf2 Nc6 3. e3 d5 4. Bb5 Bd7 5. Bxc6 Bxc6 6. Ne2 Nf6 7. c3 Bd6 8. Qc2 Qe7 9. d4 exd4 10. cxd4 O-O
11. Nbc3 Rfe8 12. Bd2 a6 13. a3 b5 14. b4 Bb7 15. g4 c6 16. h4 Bc8 17. Rag1 Bd7 18. h5 g5 19. hxg6 fxg6 20. g5 Nh5
21. f4 Bf5 22. Qa2 Qf7 23. a4 Bxb4 24. Qb3 Bxc3 25. Nxc3 Qc7 26. Rc1 Qd7 27. axb5 axb5 28. Ne2 Ra6 29. Ng3 Nxg3 30. Kxg3 Rea8
31. Bb4 Qe8 32. Rh6 R8a7 33. Qc3 Qe6 34. Rch1 Rc7 35. Qc5 Qxe3+ 36. Kg2 Ra2+
0-1

[Event "1. f3 fiasco"]
[Site "SchemingMind.com"]
[Date "2006.04.03"]
[Round "-"]
[White "markjburden"]
[Black "MatdeInverses"]
[Result "1/2-1/2"]
[WhiteCountry "GBR"]
[BlackCountry "USA"]
[WhiteElo "1683"]
[WhiteRD "69"]
[BlackElo "1956"]
[BlackRD "47"]
[GameID "45198"]

1. f3 d5 2. Kf2 e5 3. e3 Nf6 4. Ne2 Nc6 5. c3 Bd6 6. h3 O-O 7. d3 Re8 8. Nd2 Ne7 9. c4 c6 10. b3 Nf5
11. g4 Nxe3 12. Kxe3 Qb6+ 13. d4 exd4+ 14. Kd3 Re3+ 15. Kc2 d3+ 16. Kb1 Be5 17. Bb2 Bxb2 18. Kxb2 dxe2 19. Bxe2 Qd4+ 20. Kc2 Be6
21. Rc1 a5 22. Kb1 a4 23. Nf1 Qxd1 24. Bxd1 Re1 25. Ng3 Rxh1 26. Nxh1 axb3 27. axb3 dxc4 28. bxc4 Kf8 29. Nf2 Ke7 30. f4 g6
31. Bf3 Ra4 32. Be2 Rb4+ 33. Ka1 Nd7 34. Ne4 f6 35. Rc3 Nb6 36. Nd2 Na4 37. Re3 Kf7 38. Ne4 Nb2 39. Nd6+ Ke7 40. Nxb7 Nxc4
41. Bxc4 Rxc4 42. f5 gxf5 43. gxf5 Ra4+ 44. Kb1 Rb4+ 45. Kc2 Rxb7 46. Rxe6+ Kf7 47. Rxc6 Rb5 48. Rc7+ Kg8 49. Kd3 Rxf5 50. Ke4 Rh5
51. Rc3 Kg7 52. Rg3+ Rg5 53. Rxg5+ fxg5 54. Kf5 Kh6 55. h4 gxh4 56. Kg4 h3 57. Kxh3 Kg5 58. Kh2=
1/2-1/2

[Event "1. f3 fiasco"]
[Site "SchemingMind.com"]
[Date "2006.04.03"]
[Round "-"]
[White "judgmentality"]
[Black "markjburden"]
[Result "0-1"]
[WhiteCountry "USA"]
[BlackCountry "GBR"]
[WhiteElo "1264"]
[WhiteRD "60"]
[BlackElo "1656"]
[BlackRD "70"]
[GameID "45199"]

1. f3 e5 2. Nc3 c6 3. d4 Qh4+ 4. g3 Qxd4 5. Bd2 Bc5 6. e3 Qd6 7. Bc4 Nf6 8. Qe2 b5 9. Bb3 a5 10. a4 b4
11. Na2 O-O 12. O-O-O Bb6 13. Kb1 Qc7 14. h4 Ba6 15. Bc4 Bb7 16. g4 d5 17. Bb3 Ba6 18. Qg2 Nbd7 19. Ne2 Nc5 20. g5 Nh5
21. Qg4 g6 22. f4 Nxb3 23. cxb3 Bd3+ 24. Ka1 Bf5 25. Qg1 exf4 26. exf4 Bxg1
0-1

[Event "1. f3 fiasco"]
[Site "SchemingMind.com"]
[Date "2006.04.03"]
[Round "-"]
[White "AlbertoAveiro"]
[Black "markjburden"]
[Result "1-0"]
[WhiteCountry "POR"]
[BlackCountry "GBR"]
[WhiteElo "1663"]
[WhiteRD "114"]
[BlackElo "1656"]
[BlackRD "70"]
[GameID "45200"]

1. f3 d5 2. d4 e6 3. Nc3 Bb4 4. Bd2 Nc6 5. e3 Qh4+ 6. g3 Qe7 7. Bb5 Bd7 8. Qe2 Nf6 9. O-O-O a6 10. Bxc6 Bxc6
11. Kb1 b5 12. e4 Bxc3 13. Bxc3 O-O 14. e5 Nd7 15. f4 b4 16. Be1 Bb5 17. Qd2 a5 18. Nf3 Bc4 19. b3 Bb5 20. g4 a4
21. Qxb4 Qxb4 22. Bxb4 Rfc8 23. h4 c5 24. dxc5 Nxc5 25. Bxc5 Rxc5 26. Nd4 Bd7 27. g5 axb3 28. cxb3 Rca5 29. Rd2 g6 30. Rc1 Rb8
31. Rb2 Rb4 32. Rd1 Kg7 33. Rf2 h6 34. Rdd2 Ra7 35. Rf1 Rc7 36. Rc1 Rcc4 37. Ne2 Rxc1+ 38. Kxc1 hxg5 39. hxg5 Bb5 40. Rd4 Rxd4
41. Nxd4 Kf8 42. Nxb5
1-0

[Event "1. f3 fiasco"]
[Site "SchemingMind.com"]
[Date "2006.04.03"]
[Round "-"]
[White "MatdeInverses"]
[Black "markjburden"]
[Result "0-1"]
[WhiteCountry "USA"]
[BlackCountry "GBR"]
[WhiteElo "1898"]
[WhiteRD "52"]
[BlackElo "1656"]
[BlackRD "73"]
[GameID "45201"]

1. f3 e5 2. e4 Nc6 3. Nc3 Bc5 4. Bb5 Nce7 5. Nge2 Ng6 6. d4 Bb4 7. O-O c6 8. Bd3 d6 9. Be3 Nf6 10. a3 Bxc3
11. bxc3 Be6 12. f4 Ng4 13. Bc1 exf4 14. Nxf4 Qh4 15. h3 Nf6 16. Nxe6 fxe6 17. Rb1 b5 18. Kh2 Nh5 19. Rf3 a6 20. c4 Qe7
21. Qe2 e5 22. d5 Nhf4 23. Qf1 cxd5 24. cxd5 O-O 25. g3 Nxd3 26. cxd3 Qc7 27. Kh1 Rxf3 28. Qxf3 Qc2 29. Ra1 Rf8 30. Qg2 Rf2
31. Qg1 Qe2
0-1

[Event "1. f3 fiasco"]
[Site "SchemingMind.com"]
[Date "2006.04.08"]
[Round "-"]
[White "fer_even"]
[Black "markjburden"]
[Result "1-0"]
[WhiteCountry "ARG"]
[BlackCountry "GBR"]
[WhiteElo "2192"]
[WhiteRD "72"]
[BlackElo "1683"]
[BlackRD "69"]
[GameID "45806"]

1. f3 d5 2. c3 Bd7 3. Qb3 Bc6 4. d4 e6 5. Nh3 Bd6 6. Bf4 Be7 7. e3 h6 8. Bb5 Qc8 9. Bxc6+ Nxc6 10. Nd2 a6
11. O-O Nf6 12. e4 O-O 13. Bg3 b5 14. Qc2 Qd7 15. e5 Nh7 16. Nf4 Bg5 17. Nb3 Nd8 18. Qf2 Nb7 19. Nd3 c6 20. Bh4 Qe7
21. Bxg5 Nxg5 22. Nbc5 Nxc5 23. Nxc5 Nh7 24. Qg3 f6 25. exf6 Nxf6 26. Rae1 Nh5 27. Qg4 Nf4 28. Nxe6 Nd3 29. Re2 Rfe8 30. f4 Kh8
31. Rd1 Nxb2 32. Rde1 Qf6 33. Rxb2 Re7 34. Rbe2 Rf7 35. g3
1-0

[Event "1. f3 fiasco"]
[Site "SchemingMind.com"]
[Date "2006.04.08"]
[Round "-"]
[White "fer_even"]
[Black "judgmentality"]
[Result "1-0"]
[WhiteCountry "ARG"]
[BlackCountry "USA"]
[WhiteElo "2192"]
[WhiteRD "72"]
[BlackElo "1426"]
[BlackRD "75"]
[GameID "45807"]

1. f3 f5 2. e3 e5 3. d4 exd4 4. exd4 d5 5. Bd3 Nf6 6. Ne2 Nc6 7. c3 Bd6 8. Bg5 O-O 9. O-O Be6 10. Nd2 Qd7
11. Nf4 Rae8 12. Nxe6 Rxe6 13. Bxf5
1-0

[Event "1. f3 fiasco"]
[Site "SchemingMind.com"]
[Date "2006.04.08"]
[Round "-"]
[White "fer_even"]
[Black "AlbertoAveiro"]
[Result "1-0"]
[WhiteCountry "ARG"]
[BlackCountry "POR"]
[WhiteElo "2192"]
[WhiteRD "72"]
[BlackElo "1499"]
[BlackRD "143"]
[GameID "45808"]

1. f3 d5 2. d4 Nf6 3. c4 e6 4. Nc3 Bb4 5. e3 O-O 6. a3 Bxc3+ 7. bxc3 c6 8. cxd5 cxd5 9. Bd3 Nc6 10. Ne2 a6
11. O-O b5 12. e4 h6 13. e5 Nd7 14. Qe1 Ncxe5 15. dxe5 Nxe5 16. Nf4 Nxd3 17. Nxd3 Bb7 18. Be3 Qc7 19. f4 Rac8 20. Bd4 Rce8
21. Bc5
1-0

[Event "1. f3 fiasco"]
[Site "SchemingMind.com"]
[Date "2006.04.08"]
[Round "-"]
[White "fer_even"]
[Black "MatdeInverses"]
[Result "1-0"]
[WhiteCountry "ARG"]
[BlackCountry "USA"]
[WhiteElo "2188"]
[WhiteRD "72"]
[BlackElo "1898"]
[BlackRD "52"]
[GameID "45809"]

1. f3 d5 2. c3 e5 3. e3 Nf6 4. d4 e4 5. fxe4 Nxe4 6. Nf3 Bd6 7. Be2 O-O 8. c4 c6 9. O-O Bg4 10. Nc3 Nd7
11. cxd5 cxd5 12. Nxd5 Ndf6 13. Qd3 Re8 14. Nxf6+ Nxf6 15. Bd2 Ne4 16. Be1 Rc8 17. Bd1 Qb6 18. Ba4 Re7 19. Rb1 Bb8 20. Bh4 f6
21. Rbc1 Rxc1 22. Bb3+ Kh8 23. Rxc1 Re8 24. Bf7 Re7 25. Bd5 Nd6 26. e4 Re8 27. Bf2
1-0

[Event "1. f3 fiasco"]
[Site "SchemingMind.com"]
[Date "2006.04.08"]
[Round "-"]
[White "markjburden"]
[Black "fer_even"]
[Result "0-1"]
[WhiteCountry "GBR"]
[BlackCountry "ARG"]
[WhiteElo "1656"]
[WhiteRD "73"]
[BlackElo "2188"]
[BlackRD "72"]
[GameID "45810"]

1. f3 e5 2. Kf2 Nf6 3. e3 d5 4. c3 Bd6 5. Ne2 O-O 6. h3 e4 7. d3 exf3 8. gxf3 Re8 9. Bd2 Nh5 10. Rg1 Qh4+
0-1

[Event "1. f3 fiasco"]
[Site "SchemingMind.com"]
[Date "2006.04.08"]
[Round "-"]
[White "judgmentality"]
[Black "fer_even"]
[Result "0-1"]
[WhiteCountry "USA"]
[BlackCountry "ARG"]
[WhiteElo "1426"]
[WhiteRD "75"]
[BlackElo "2192"]
[BlackRD "72"]
[GameID "45811"]

1. f3 d5 2. e4 dxe4 3. fxe4 e5 4. Nf3 Bd6 5. Bc4 Nf6 6. d3 Nc6 7. Bg5 h6 8. Bh4 O-O 9. O-O Bc5+ 10. Kh1 Qd6
11. Nc3 a6 12. Nd2 Ng4 13. Nd5 b5 14. Bb3 Ne3 15. Qh5 Nxf1 16. Rxf1 Be6 17. Rf6 Nd4 18. Rxh6 gxh6 19. Bf6 Kh7 20. Bg5 Bxd5
21. Bxd5 Qg6
0-1

[Event "1. f3 fiasco"]
[Site "SchemingMind.com"]
[Date "2006.04.08"]
[Round "-"]
[White "AlbertoAveiro"]
[Black "fer_even"]
[Result "0-1"]
[WhiteCountry "POR"]
[BlackCountry "ARG"]
[WhiteElo "1499"]
[WhiteRD "143"]
[BlackElo "2192"]
[BlackRD "72"]
[GameID "45812"]

1. f3 d5 2. d4 Nf6 3. e4 e6 4. Nc3 Be7 5. Be3 O-O 6. Qd2 c5 7. O-O-O dxe4 8. fxe4 cxd4 9. Qxd4 Qc7 10. Qc4 Qxc4
11. Bxc4 Ng4 12. Re1 Nxe3 13. Rxe3 Bg5 14. Nd1 Rd8 15. Bd3 Bxe3+ 16. Nxe3 Nd7 17. Nf3 Nc5 18. Rd1 b6 19. Ne5 Bb7 20. g3 f6
21. N5g4 Nxe4 22. Bc4 h5 23. Nxf6+ Nxf6 24. Bxe6+ Kf8 25. Rf1 Re8
0-1

[Event "1. f3 fiasco"]
[Site "SchemingMind.com"]
[Date "2006.04.08"]
[Round "-"]
[White "MatdeInverses"]
[Black "fer_even"]
[Result "0-1"]
[WhiteCountry "USA"]
[BlackCountry "ARG"]
[WhiteElo "1898"]
[WhiteRD "52"]
[BlackElo "2188"]
[BlackRD "72"]
[GameID "45813"]

1. f3 e5 2. e4 Nf6 3. f4 Nxe4 4. Nc3 Qh4+ 5. g3 Nxg3 6. Nf3 Qh6 7. fxe5 Nxh1 8. d4 Qg6 9. Qe2 Bb4 10. Bg2 O-O
11. Bxh1 d6 12. Bf4 dxe5 13. Nxe5 Qg1+ 14. Qf1 Qxd4
0-1

[Event "1. f3 fiasco"]
[Site "SchemingMind.com"]
[Date "2006.04.08"]
[Round "-"]
[White "Erhaem"]
[Black "fer_even"]
[Result "0-1"]
[WhiteCountry "NED"]
[BlackCountry "ARG"]
[WhiteElo "2008"]
[WhiteRD "55"]
[BlackElo "2192"]
[BlackRD "72"]
[GameID "45842"]

1. f3 e5 2. Nc3 Nc6 3. e4 Nf6 4. Bc4 Bc5 5. Nge2 a6 6. a3 Ba7 7. d3 h6 8. g4 d6 9. h4 Be6 10. g5 Nh5
11. Nd5 Qd7 12. gxh6 gxh6 13. Ng3 Nxg3 14. Nf6+ Ke7 15. Nxd7 Nxh1 16. Bxe6 fxe6 17. Nf6 Kxf6 18. f4 Rag8 19. Qf3 Rg1+ 20. Kd2 exf4
21. Qxf4+ Ke7 22. h5 Rg2+
0-1

[Event "1. f3 fiasco"]
[Site "SchemingMind.com"]
[Date "2006.04.09"]
[Round "-"]
[White "Erhaem"]
[Black "markjburden"]
[Result "0-1"]
[WhiteCountry "NED"]
[BlackCountry "GBR"]
[WhiteElo "2008"]
[WhiteRD "55"]
[BlackElo "1683"]
[BlackRD "69"]
[GameID "45843"]

1. f3 d5 2. e4 d4 3. Bc4 e6 4. d3 a6 5. Ne2 c5 6. O-O b5 7. Bb3 Bd6 8. a4 Bb7 9. f4 Ne7 10. axb5 axb5
11. Rxa8 Bxa8 12. Ng3 O-O 13. Qg4 Nbc6 14. Na3 Na5 15. e5 Bc7 16. Nxb5 Nxb3 17. cxb3 Bb8 18. Na3 Qd5 19. Ne4 Ng6 20. Nc4 Qc6
21. Qh5 Bc7 22. Rf2 Bb7 23. Ng5 h6 24. Nxe6 Ra8 25. Nxc7 Ra1 26. Qd1 Nxf4 27. Kf1 Nxg2 28. e6 fxe6 29. Qd2 e5 30. Nxe5 Qxc7
31. Rxg2 Bxg2+ 32. Kxg2 Qxe5 33. Qd1 Qd5+ 34. Kf2 Qf7+ 35. Ke1 Qf6 36. Qc2 Qg5 37. Kd1 Qg1+ 38. Kd2 Qxh2+
0-1

[Event "1. f3 fiasco"]
[Site "SchemingMind.com"]
[Date "2006.04.10"]
[Round "-"]
[White "Erhaem"]
[Black "AlbertoAveiro"]
[Result "1-0"]
[WhiteCountry "NED"]
[BlackCountry "POR"]
[WhiteElo "2013"]
[WhiteRD "58"]
[BlackElo "1663"]
[BlackRD "114"]
[GameID "45845"]

1. f3 e5 2. Nc3 Nf6 3. d4 exd4 4. Qxd4 Nc6 5. Qf2 Bb4 6. Bd2 O-O 7. O-O-O Re8 8. a3 Ba5 9. e4 d6 10. Nh3 a6
11. Nf4 Ne5 12. Kb1 b5 13. Ncd5 Bxd2 14. Qxd2 Bb7 15. Be2 Nc4 16. Bxc4 bxc4 17. Qb4 Bxd5 18. exd5 Qd7 19. Qxc4 a5 20. g4 Rab8
21. g5 Nxd5 22. Rxd5 Re3 23. Rxa5 Rxf3 24. Qe4 Qg4 25. Ra8 Rf8 26. Qe8
1-0

[Event "1. f3 fiasco"]
[Site "SchemingMind.com"]
[Date "2006.04.09"]
[Round "-"]
[White "Erhaem"]
[Black "MatdeInverses"]
[Result "0-1"]
[WhiteCountry "NED"]
[BlackCountry "USA"]
[WhiteElo "2018"]
[WhiteRD "52"]
[BlackElo "1898"]
[BlackRD "52"]
[GameID "45846"]

1. f3 e5 2. Nc3 d5 3. e4 d4 4. Nb1 f5 5. d3 f4 6. g3 Nc6 7. Bd2 Bd6 8. Na3 Bxa3 9. bxa3 Nh6 10. Qe2 O-O
11. O-O-O Be6 12. Kb1 Qd6 13. Bc1 a5 14. gxf4 exf4 15. Qd2 b5 16. Ne2 Ne5 17. Bg2 Rab8 18. Qxa5 Ra8 19. Qd2 b4 20. Nxf4 Rfb8
21. a4 Bxa2+
0-1

[Event "1. f3 fiasco"]
[Site "SchemingMind.com"]
[Date "2006.04.08"]
[Round "-"]
[White "fer_even"]
[Black "Erhaem"]
[Result "1/2-1/2"]
[WhiteCountry "ARG"]
[BlackCountry "NED"]
[WhiteElo "2192"]
[WhiteRD "72"]
[BlackElo "2008"]
[BlackRD "55"]
[GameID "45847"]

1. f3 d5 2. c3 e6 3. d4 Bd6 4. Nh3 Nf6 5. e3 O-O 6. Be2 e5 7. Nf2 exd4 8. cxd4 c6 9. e4 dxe4 10. fxe4 Re8
11. Nc3 c5 12. dxc5 Bxc5 13. Qxd8 Rxd8 14. Bg5 Nc6 15. Rd1 Rxd1+ 16. Nfxd1 Be6 17. Rf1 Bd4 18. Be3 Rd8 19. h3=
1/2-1/2

[Event "1. f3 fiasco"]
[Site "SchemingMind.com"]
[Date "2006.04.08"]
[Round "-"]
[White "markjburden"]
[Black "Erhaem"]
[Result "0-1"]
[WhiteCountry "GBR"]
[BlackCountry "NED"]
[WhiteElo "1656"]
[WhiteRD "73"]
[BlackElo "2018"]
[BlackRD "52"]
[GameID "45848"]

1. f3 e5 2. Kf2 Bc5+ 3. e3 Nf6 4. c3 O-O 5. Bd3 d5 6. Bc2 Nc6 7. d4 Bd6 8. Ne2 e4 9. Nd2 exf3 10. gxf3 Nh5
11. Ng3 Qh4 12. Nf1 Bh3 13. f4 Bg4 14. Qd3 Nf6 15. Bd2 Ne4+ 16. Kg1 Bf3 17. Be1 Qh3
0-1

[Event "1. f3 fiasco"]
[Site "SchemingMind.com"]
[Date "2006.04.08"]
[Round "-"]
[White "judgmentality"]
[Black "Erhaem"]
[Result "0-1"]
[WhiteCountry "USA"]
[BlackCountry "NED"]
[WhiteElo "1426"]
[WhiteRD "75"]
[BlackElo "2008"]
[BlackRD "55"]
[GameID "45849"]

1. f3 e5 2. Nc3 d5 3. e4 d4 4. Nce2 Nf6 5. Ng3 Bc5 6. Bc4 Nc6 7. d3 Na5 8. Bb3 Nxb3 9. axb3 h5 10. N1e2 h4
11. Nf1 h3 12. g3 O-O 13. Bg5 Qd6 14. Nd2 b5 15. O-O Nh7 16. f4 f6 17. fxe5 fxe5
0-1

[Event "1. f3 fiasco"]
[Site "SchemingMind.com"]
[Date "2006.04.08"]
[Round "-"]
[White "AlbertoAveiro"]
[Black "Erhaem"]
[Result "0-1"]
[WhiteCountry "POR"]
[BlackCountry "NED"]
[WhiteElo "1499"]
[WhiteRD "143"]
[BlackElo "2008"]
[BlackRD "55"]
[GameID "45850"]

1. f3 e5 2. Kf2 Nc6 3. Nc3 d5 4. e3 d4 5. Ne4 f5 6. Ng3 dxe3+ 7. Ke2 f4 8. Ne4 Nd4+ 9. Ke1 Qh4+ 10. g3 fxg3
11. Nxg3 e2 12. Nxe2 Nxf3+ 13. Kf2 Bc5+ 14. Kxf3 e4+
0-1

[Event "1. f3 fiasco"]
[Site "SchemingMind.com"]
[Date "2006.04.08"]
[Round "-"]
[White "MatdeInverses"]
[Black "Erhaem"]
[Result "0-1"]
[WhiteCountry "USA"]
[BlackCountry "NED"]
[WhiteElo "1898"]
[WhiteRD "52"]
[BlackElo "2018"]
[BlackRD "52"]
[GameID "45851"]

1. f3 d5 2. e4 dxe4 3. Nc3 e5 4. fxe4 Nc6 5. Bc4 Nf6 6. d3 Na5 7. Qe2 Nxc4 8. dxc4 Bc5 9. Be3 Bxe3 10. Qxe3 O-O
11. Nf3 Ng4 12. Qe2 Be6 13. h3 Nf6 14. Rd1 Qe7 15. Qe3 Bxc4 16. Kf2 Qb4 17. b3 Qxc3
0-1

[Event "1. f3 fiasco"]
[Site "SchemingMind.com"]
[Date "2006.04.11"]
[Round "-"]
[White "clockwork"]
[Black "Erhaem"]
[Result "0-1"]
[WhiteCountry "CAN"]
[BlackCountry "NED"]
[WhiteElo "1411"]
[WhiteRD "69"]
[BlackElo "2018"]
[BlackRD "52"]
[GameID "45966"]

1. f3 e5 2. e4 Bc5 3. Nc3 Nf6 4. Nge2 O-O 5. d4 exd4 6. Nxd4 d5 7. Bg5 dxe4 8. Bxf6 Qxf6 9. Nxe4 Qxd4 10. Bd3 Qxb2
11. Nxc5 Qc3+ 12. Qd2 Qxa1+ 13. Qd1 Qc3+ 14. Kf2 Qxc5+ 15. Kf1 Re8 16. Be4 Be6 17. Bxb7 Bc4+ 18. Qd3 Bxd3+ 19. cxd3 Nc6 20. Bxa8 Qe3
21. Rg1 Qe2#
0-1

[Event "1. f3 fiasco"]
[Site "SchemingMind.com"]
[Date "2006.04.09"]
[Round "-"]
[White "clockwork"]
[Black "fer_even"]
[Result "0-1"]
[WhiteCountry "CAN"]
[BlackCountry "ARG"]
[WhiteElo "1411"]
[WhiteRD "69"]
[BlackElo "2188"]
[BlackRD "72"]
[GameID "45967"]

1. f3 e5 2. d4 exd4 3. Qxd4 Nc6 4. Qe4+ Be7 5. e3 Nf6 6. Qa4 Nd5 7. e4 Nb6 8. Qb3 O-O 9. Bb5 Nd4 10. Qd3 Nxb5
11. Qxb5 d5 12. Nc3 Be6 13. Nh3 dxe4 14. Nxe4 Bh4+ 15. g3 Bxh3 16. Bf4 Bg2 17. Rg1 Bxf3 18. Nd2 Re8+ 19. Kf2 Bc6 20. Qb4 Bf6
21. c3 Nd5 22. Qc4 Nxf4 23. Qxf4 Bg5 24. Qc4 Qxd2+ 25. Kf1 Bf3 26. h4 Be3 27. Qxc7 Qe2#
0-1

[Event "1. f3 fiasco"]
[Site "SchemingMind.com"]
[Date "2006.04.09"]
[Round "-"]
[White "clockwork"]
[Black "markjburden"]
[Result "0-1"]
[WhiteCountry "CAN"]
[BlackCountry "GBR"]
[WhiteElo "1411"]
[WhiteRD "69"]
[BlackElo "1656"]
[BlackRD "73"]
[GameID "45968"]

1. f3 e5 2. d4 Qh4+ 3. g3 Qxd4 4. Qxd4 exd4 5. Bh3 b6 6. Bf4 c5 7. Nd2 Nf6 8. Be5 Be7 9. Nc4 Nc6 10. Bxf6 gxf6
11. O-O-O Ba6 12. Na3 b5 13. Bf5 c4 14. e4 b4 15. Nb1 d6 16. Nd2 c3 17. Nb3 d3 18. Rxd3 Bxd3 19. cxd3 cxb2+ 20. Kxb2 Ne5
21. d4 Nc6 22. d5 Ne5 23. Ne2 Nxf3 24. Rc1 Ne5 25. Ned4 O-O 26. h4 Nd3+ 27. Kb1 Nxc1 28. Nxc1 a5 29. Nc6 Bd8 30. Nd4 Kh8
31. g4 Bb6 32. Nde2 Bf2 33. h5 Be3 34. Nd3 Ra7 35. Nef4 Rc7 36. Ng2 Bg5 37. Ngf4 Rb8 38. Ne2 a4 39. Nd4 b3 40. a3 Rc3
41. Nb4 Bc1 42. Ne2 Bxa3 43. Na6 Re3 44. Nxb8 Rxe2 45. Nd7 Re1#
0-1

[Event "1. f3 fiasco"]
[Site "SchemingMind.com"]
[Date "2006.04.18"]
[Round "-"]
[White "clockwork"]
[Black "judgmentality"]
[Result "1-0"]
[WhiteCountry "CAN"]
[BlackCountry "USA"]
[WhiteElo "1429"]
[WhiteRD "78"]
[BlackElo "1264"]
[BlackRD "60"]
[GameID "45969"]

1. f3 f5 2. f4 Nc6 3. Nf3 Nf6 4. Nc3 d6 5. d4 e6 6. e3 Ne4 7. Nxe4 fxe4 8. Ng5 Be7 9. Bb5 Bxg5 10. fxg5 Qxg5
11. Bxc6+ bxc6 12. O-O Ba6 13. Rf4 Ke7 14. Rxe4 Rhf8 15. h3 Rf1+ 16. Qxf1 Bxf1 17. Kxf1 Rf8+ 18. Kg1 d5 19. Rg4 Qf5 20. c3 g6
21. Rf4 Qc2 22. Rh4 Qf2+ 23. Kh1 Qxh4 24. Bd2 Rf2 25. Be1 Rf1+ 26. Kh2
1-0

[Event "1. f3 fiasco"]
[Site "SchemingMind.com"]
[Date "2006.04.10"]
[Round "-"]
[White "clockwork"]
[Black "AlbertoAveiro"]
[Result "0-1"]
[WhiteCountry "CAN"]
[BlackCountry "POR"]
[WhiteElo "1429"]
[WhiteRD "78"]
[BlackElo "1663"]
[BlackRD "114"]
[GameID "45970"]

1. f3 e5 2. d4 exd4 3. Qxd4 Nc6 4. Qa4 Nf6 5. Nh3 Be7 6. Bg5 O-O 7. e3 Re8 8. Bb5 a6 9. Bc4 d6 10. Qb3 d5
11. Bxf6 dxc4 12. Bxe7 Qxe7 13. Qc3 Qxe3+ 14. Qxe3 Rxe3+ 15. Kf2 Re7 16. Nf4 b5 17. Nc3 Bf5 18. Nfd5 Rd7 19. Rad1 Rad8 20. Rd2 b4
21. Ne4 Rxd5 22. Rhd1 Rxd2+ 23. Rxd2 Rxd2+ 24. Nxd2 Na5 25. c3 c5 26. cxb4 cxb4 27. g4 Bd3 28. Ke3 Nc6 29. h4 f6 30. f4 h6
31. h5 Kf7 32. Nf3 Ke6 33. f5+ Kd5 34. b3 Ne5 35. Nxe5 Kxe5 36. Kf3 Kd4 37. bxc4 Bxc4
0-1